Pasión de fútbol / (Registro nro. 6957)

Detalles MARC
000 -LEADER
fixed length control field 00757nam a22002297a 4500
003 - CONTROL NUMBER IDENTIFIER
control field OSt
005 - DATE AND TIME OF LATEST TRANSACTION
control field 20201023110551.0
008 - FIXED-LENGTH DATA ELEMENTS--GENERAL INFORMATION
fixed length control field 201023s1998 esoao||gr|||| 00| 0 spa d
020 ## - INTERNATIONAL STANDARD BOOK NUMBER
International Standard Book Number 9589609171
040 ## - CATALOGING SOURCE
Original cataloging agency CO-JMCR
Transcribing agency CO-JMCR
041 1# - LANGUAGE CODE
Language code of text/sound track or separate title sps
Language code of original eng
082 04 - DEWEY DECIMAL CLASSIFICATION NUMBER
Classification number 796.334 /
Item number B132p
Edition number 23
100 1# - MAIN ENTRY--PERSONAL NAME
Personal name Baddiel, Ivor,
Relator term autor
9 (RLIN) 11869
245 10 - TITLE STATEMENT
Title Pasión de fútbol /
Statement of responsibility, etc. Ivor Baddiel
260 ## - PUBLICATION, DISTRIBUTION, ETC.
Place of publication, distribution, etc. [Colombia] :
Name of publisher, distributor, etc. Casa editorial el tiempo,
Date of publication, distribution, etc. 1998.
300 ## - PHYSICAL DESCRIPTION
Extent 96 páginas :
Other physical details ilustraciones, fotografías a color y blanco y negro ;
Dimensions 30 cm.
505 0# - FORMATTED CONTENTS NOTE
Formatted contents note El juego -- Grandes jugadores -- La copa mundo
546 ## - LANGUAGE NOTE
Language note Traducido del inglés.
650 24 - SUBJECT ADDED ENTRY--TOPICAL TERM
Topical term or geographic name entry element Fútbol
General subdivision Historia
9 (RLIN) 10420
650 24 - SUBJECT ADDED ENTRY--TOPICAL TERM
Topical term or geographic name entry element Copa mundo de fútbol
General subdivision Historia
9 (RLIN) 11870
942 ## - ADDED ENTRY ELEMENTS (KOHA)
Source of classification or shelving scheme Dewey Decimal Classification
Koha item type Books
Existencias
Withdrawn status Lost status Source of classification or shelving scheme Damaged status Not for loan Home library Current library Shelving location Date acquired Source of acquisition Total Checkouts Total Renewals Full call number Barcode Date last seen Date last checked out Copy number Price effective from Koha item type
    Dewey Decimal Classification     Biblioteca Pública José María del Castillo y Rada Biblioteca Pública José María del Castillo y Rada General Stacks 10/02/2020 Donación 4 2 796.334 / B132p 201810018 10/21/2025 10/21/2025 Ej.1 10/02/2020 Books